|
|
|
|
| LEADER |
01091nam a2200265 u 4500 |
| 001 |
10023633 |
| 003 |
upatras |
| 005 |
20210117205809.0 |
| 008 |
960314s1978 gr gre |
| 040 |
|
|
|a GR-PaULI
|c GR-PaULI
|
| 041 |
0 |
|
|a gre
|
| 082 |
0 |
4 |
|a 532
|
| 100 |
1 |
|
|a Παπανίκας, Δημήτρης Γ.
|9 5139
|
| 245 |
1 |
0 |
|a Εφαρμοσμένη ρευστομηχανική
|c Δημήτρη Γ. Παπανίκα
|
| 260 |
|
|
|a Πάτρα
|b [χ.ό.]
|c 1978
|
| 300 |
|
|
|a 882 σ.
|b σχήμ., πίν.
|c 25 εκ.
|
| 504 |
|
|
|a Περιλαμβάνει βιβλιογραφία και ευρετήριο
|
| 650 |
|
4 |
|a Ρευστομηχανική
|9 1308
|
| 650 |
|
4 |
|a Ρευστομηχανική
|9 1308
|
| 852 |
|
|
|a GR-PaULI
|b ΠΑΤΡΑ
|b ΦΥΣΙΚΟ
|k ΑΕΧ-1
|h 532 ΠΑΠ
|m 02289
|p 025000147619
|t 1
|
| 942 |
|
|
|2 ddc
|c BK15
|
| 952 |
|
|
|0 0
|1 0
|4 0
|6 532_000000000000000_ΠΑΠ
|7 0
|9 191365
|a PHYS
|b PHYS
|d 2016-04-24
|i 02289
|l 0
|o 532 ΠΑΠ
|p 025000147619
|r 2016-04-24 00:00:00
|t 1
|w 2016-04-24
|y BK15
|
| 998 |
|
|
|c ΔΡΑΚΟΠΟΥΛΟΥ
|d 2001-07
|
| 998 |
|
|
|c ΚΟΥΚΑΡΑΣ
|d 2009-03
|
| 999 |
|
|
|c 117558
|d 117558
|